Five Letter Geography - J - Statistics

General Stats
  • This quiz has been taken 72 times
    6 since last reset
  • The average score is 3 of 10
Answer Stats
Hint Answer % Correct
Island country in the Eastern parts of Asia Japan
100%
Main character of the Bible Jesus
100%
German plural for "Jews" used historically Juden
50%
One of the provinces in China Jilin
33%
Common Arabic term for a mountain or hill Jabal
17%
A region or city of Saudi Arabia Jizan
17%
One of the provinces in Argentina Jujuy
17%
Mexican highland region where a certain plant was found Jalap
0%
District in Rajasthan, with a population over one million Jalor
0%
Natural crack in a rock vertically between bedding planes Joint
0%
No matching quizzes found
Score Distribution
Percent of People with Each Score
Percentile by Number Answered
Your Score History
You have not taken this quiz since the last reset